000 00531nam a2200193Ia 4500
005 20260429112100.0
008 260429s9999||||xx |||||||||||||| ||und||
020 _a9781032723686
041 _aEnglish
082 _a915.954
_bKAU
100 _aKaul, Shonaleeka
245 0 _aMyths and places :
_bnew perspectives in India cultural geography /
_cShonaleeka Kaul
250 _a1st ed.
260 _aLondon :
_bRoutledge,
_c2024.
300 _axiv, 232 p.; hb
650 _a India' Myths
650 _aGeography
942 _cTB
999 _c52254
_d52254